000 00962nac a22002411u 4500
010 _a 94042779
020 _a0077079825 :
082 0 0 _a005.73
_bMCM
090 _c5893
_d5893
100 _aMcMonnies, Alistair,
245 1 0 _aDeveloping object oriented data structures using C++ /
_cAlistair McMonnies, W. Stewart McSporran.
260 _aLondon ;
_aNew York :
_bMcGraw-Hill,c1995.
_cc1995.
300 _axi, 306 p. :
_bill. ;
_c25 cm. +
_e1 computer disk (3 1/2 in.)
440 4 _aThe McGraw-Hill international series in software engineering
500 _aDistributer: Al-Ahram.
504 _aIncludes bibliographical references (p. 300) and index.
511 _aCatalogued By: Mahitab.
650 0 _aObject-oriented programming (Computer science)
650 0 _aData structures (Computer science)
650 0 _aC (Computer program language)
700 1 _aMcSporran, W. Stewart,
_d1965-
942 _cBB
_k005.73MCM
999 _c5893
_d5893